Subdesarrollo económico y social y homicidios en el Distrito Federal, Brasisl, 1995-1998 /
Guardado en:
| Hovedforfatter: | |
|---|---|
| Format: | Texto |
| Fag: | |
| Tags: |
Tilføj Tag
Ingen Tags, Vær først til at tagge denne postø!
|
MARC
| LEADER | 00000 a a2200000 04500 | ||
|---|---|---|---|
| 001 | 44782 | ||
| 003 | |||
| 040 | |||
| 100 | |a Soares, Glaucio A.D. | ||
| 245 | |a Subdesarrollo económico y social y homicidios en el Distrito Federal, Brasisl, 1995-1998 / |c Glaucio A.D. Soares | ||
| 650 | |a SUBDESARROLLO | ||
| 650 | |a ECONOMIA | ||
| 650 | |a CIENTIFICOS SOCIALES | ||
| 650 | |a VIOLENCIA | ||
| 650 | |a PROBLEMAS SOCIALES | ||
| 650 | |a LATINOAMERICA | ||
| 773 | |g páginas 129-147 | ||
| 999 | |c 36118 |d 36118 | ||
